000 00458nam a2200157Ia 4500
008 160316s1970 xxu||||| |||| 00| 0 eng d
082 _a341.750000
_bSCH
100 _aSchwarzenberger George
245 _aEconomic world order : A basic problem of international economic law
250 _a
260 _aManchester
_bManchester University Press
_c1970
300 _a159
_b
_c
365 _b
650 _a1. International Trade - Economic Law
700 _a
_a
999 _c9427
_d9427